Death of A Bachelor - Panic! At the Disco - Statistics

General Stats
  • This quiz has been taken 195 times
  • The average score is 9 of 11
Answer Stats
Lyric Answer % Correct
'The lace in your dress tingles my neck, how do I live?' Death of a Bachelor
97%
'I'm taking back the crown, I'm all dressed up and naked' Emperor's New Clothes
92%
'I'm not as think as you drunk I am' Don't Threaten Me With A Good Time
91%
'My touch is black and poisonous' Victorious
91%
'All you sinners stand up sing ____' Hallelujah
89%
'You've got two black eyes from loving too hard' LA Devotee
89%
'You can set yourself on fire, but you're never gonna burn' Crazy=Genius
85%
'If you wanna start a fight, you'd better throw the first punch, and get a good one' The Good, the Bad and the Dirty
78%
Impossible Year
76%
'Forever young growing older just the same' Golden Days
71%
'There's no sunshine, this ____ __' House of Memories
49%
No matching quizzes found
Score Distribution
Percent of People with Each Score
Percentile by Number Answered
Your Score History
You have not taken this quiz